| 000 | 00514nam a2200157Ia 4500 | ||
|---|---|---|---|
| 008 | 210716s2000 xx 000 0 und d | ||
| 020 | _a817808094X | ||
| 041 | _aeng | ||
| 082 | _a004.62 MAUT | ||
| 100 | _aMaufer, Thomas A. | ||
| 245 |
_aIp fundamentals: what everyone needs to know about addressing and routing. _bWhat everyone needs to know about addressing and routing. |
||
| 250 | _a1 | ||
| 260 |
_aNew Delhi _bAddison Wesley Longman _c2000 |
||
| 300 | _axviii,492 | ||
| 650 | _aInternet,Working With TCP/IP | ||
| 999 |
_c185493 _d185493 |
||